| Tag |
First Indicator |
Second Indicator |
Subfields |
| LEADER |
00000cam a2200000 a 4500 |
| 001 |
in00002755021 |
| 005 |
20150922113525.0 |
| 008 |
120711s2012 dcua 000 0 eng c |
| 020 |
|
|
|a 9780309216050
|
| 020 |
|
|
|a 0309216052
|
| 035 |
|
|
|a (OCoLC)ocn800025048
|
| 035 |
|
|
|a (OCoLC)800025048
|
| 040 |
|
|
|a BTCTA
|b eng
|c BTCTA
|d UPM
|d AAA
|d YDXCP
|d BWX
|d UtOrBLW
|
| 042 |
|
|
|a pcc
|
| 049 |
|
|
|a TXAM
|
| 050 |
|
4 |
|a UB210
|b .I47 2012
|
| 245 |
0 |
0 |
|a Improving the decision making abilities of small unit leaders /
|c Committee on Improving the Decision Making Abilities of Small Unit Leaders, Naval Studies Board, Division on Engineering and Physical Sciences, National Research Council of the National Academies.
|
| 246 |
3 |
0 |
|a Small unit leaders
|
| 264 |
|
1 |
|a Washington, DC :
|b National Academies Press,
|c [2012]
|
| 264 |
|
4 |
|c ©2012
|
| 300 |
|
|
|a xiv, 115 pages :
|b illustrations ;
|c 23 cm.
|
| 336 |
|
|
|a text
|b txt
|2 rdacontent
|
| 337 |
|
|
|a unmediated
|b n
|2 rdamedia
|
| 338 |
|
|
|a volume
|b nc
|2 rdacarrier
|
| 505 |
0 |
|
|a Introduction: the operational environment -- Challenges of the operational environment for the small unit leader: observations and findings -- Scientific basis and engineering approaches for improving small unit decision making -- Recommendations.
|
| 650 |
|
0 |
|a Command of troops.
|
| 650 |
|
0 |
|a Leadership.
|
| 650 |
|
0 |
|a Decision making.
|
| 710 |
2 |
|
|a National Research Council (U.S.).
|b Committee on Improving the Decision Making Abilities of Small Unit Leaders.
|
| 938 |
|
|
|a Baker and Taylor
|b BTCP
|n BK0011590912
|
| 938 |
|
|
|a YBP Library Services
|b YANK
|n 8872876
|
| 938 |
|
|
|a Blackwell Book Service
|b BBUS
|n 8872876
|
| 947 |
|
|
|a A14835979752
|
| 945 |
|
|
|a PromptCat
|b 999187
|
| 946 |
|
|
|a stk
|
| 994 |
|
|
|a 92
|b TXA
|
| 948 |
|
|
|a Cataloged
|b h
|c 2012/8/29
|d c
|e EGrant
|
| 999 |
|
|
|a MARS
|
| 999 |
f |
f |
|s b4bf6188-8bd6-3f76-abd9-76cf0815b412
|i cc41bcc9-da75-3a9c-936c-0e2521628b3c
|t 0
|
| 952 |
f |
f |
|p ric
|a Texas A&M University
|b Rellis Campus
|c Joint Library Facility
|d Remote Storage
|t 0
|e UB210 .I47 2012
|h Library of Congress classification
|i unmediated -- volume
|m A14835979752
|
| 998 |
f |
f |
|a UB210 .I47 2012
|t 0
|l Remote Storage
|